000 00630nam a2200229Ia 4500
003 OSt
005 20230517143716.0
008 210423s2013 xx 000 0 und d
020 _a978-0-486-68336-2
040 _cAL
041 _aeng
082 _a515.84
_223
_b EDWA
100 _aEDWARDS (C H)
_9106938
245 _aAdvanced calculus of several variables
260 _aNew York
_bDover publications
_c2013
300 _ax,457
_bPB
365 _b1976.7
_cINR
650 _aFunctions of Real Variables
_9106939
650 _aMathematics
_9106940
906 _aAdvanced ; calculus ; several ; variables
942 _2ddc
_cBK
999 _c166607
_d166607